Ancient Israel Quiz - Statistics

General Stats
  • This quiz has been taken 114 times
  • The average score is 11 of 15
Answer Stats
Question Answer % Correct
Which king ruled when Israel reached its peak? King Solomon
97%
What is Israel mainly remembered for? Religion
90%
Who is the founder of Judaism Abraham
86%
Why is Mt. Sinai an important location? It's where Moses received the ten commandments
86%
Why did Moses part the Red Sea? To escape the Egyptians
86%
What is the event where the twelve tribes split called? Diaspora
83%
In which battle did David defeat Goliath? The Battle of the Philistines
79%
Who destroyed the Temple of Solomon? The Babylonians
76%
Which event is Hanukkah made by? The Maccabees Revolt
76%
Which ruler helped the Jews and reestablished Jerusalem? Cyrus the Great
72%
What was the name of the event in which Moses led the Jews out of Egypt and to the promise land? Exodus
72%
What region is located in the south of Canaan in the Kingdom of Judah? The Negev Desert
55%
When was Judaism said to have started? 3500 Years ago
52%
How many laws are in the Talmud? 613
52%
Which city is the capital of the Kingdom of Israel? Samaria
41%
No matching quizzes found
Score Distribution
Percent of People with Each Score
Percentile by Number Answered
Your Score History
You have not taken this quiz